000 00331nam a2200097Ia 4500
005 20250424112818.0
008 250424s9999 xx 000 0 und d
300 _av, 154 p. :ll. ; 25 cm.
650 _aBusiness enterprises--Africa--Periodicals. Africa--Commerce--Periodicals. Africa--Economic conditions--Periodicals.
942 _cSR
999 _c37269
_d37269